Nézőpont-lehetőségek Tömörkény István írásművészetével kapcsolatban /

Elmentve itt :
Bibliográfiai részletek
Szerző: Nyilasy Balázs
Dokumentumtípus: Cikk
Megjelent: 2016
Sorozat:Tiszatáj 70 No. 12
Kulcsszavak:Tömörkény István, Magyar irodalom - 1884-1917 - életmű - életrajz - tanulmány
Online Access:http://tiszataj.bibl.u-szeged.hu/23862
LEADER 00694nab a2200181 i 4500
001 tisza23862
005 20200331094725.0
008 170630s2016 hu o 0|| hun d
022 |a 0133-1167 
040 |a SZTE Tiszatáj Archívum  |b hun 
041 |a hun 
100 1 |a Nyilasy Balázs 
245 1 0 |a Nézőpont-lehetőségek   |h [elektronikus dokumentum] :  |b Tömörkény István írásművészetével kapcsolatban /  |c  Nyilasy Balázs 
260 |c 2016 
300 |a 68-72 
490 0 |a Tiszatáj  |v 70 No. 12 
695 |a Tömörkény István, Magyar irodalom - 1884-1917 - életmű - életrajz - tanulmány 
856 4 0 |u http://tiszataj.bibl.u-szeged.hu/23862/1/tiszataj_2016_012_068-072.pdf  |z Dokumentum-elérés